Foundations of analysis: the arithmetic of whole, rational, irrational and complex numbers
Spremljeno u:
| Glavni autor: | |
|---|---|
| Format: | Knjiga |
| Jezik: | engleski |
| Izdano: |
Nueva York
Chelsea
1966
|
| Izdanje: | 3a. ed |
| Teme: | |
| Oznake: |
Dodaj oznaku
Bez oznaka, Budi prvi tko označuje ovaj zapis!
|
MARC
| LEADER | 00000nam a2200000 a 4500 | ||
|---|---|---|---|
| 001 | UCQ8379 | ||
| 003 | CL-VaPUC | ||
| 008 | 981209e19660000US |||||||||||||||||eng|d | ||
| 082 | 0 | 4 | |a 512.7 |b LAN |2 21 |
| 100 | |a Landau, Edmund |e author |9 427708 | ||
| 245 | 1 | 0 | |a Foundations of analysis: the arithmetic of whole, rational, irrational and complex numbers |
| 250 | |a 3a. ed | ||
| 300 | |a 136 p | ||
| 942 | |c BK | ||
| 945 | |d 19981209 00:00:00 |a crobeson | ||
| 260 | |a Nueva York |b Chelsea |c 1966 | ||
| 650 | 0 | |a Teoría de números |9 265327 | |
| 650 | 0 | |a Números naturales |9 266064 | |
| 650 | 0 | |a Números reales |9 270334 | |
| 650 | 0 | |a Números enteros |9 357374 | |
| 650 | 0 | |a Números racionales |9 316867 | |
| 650 | 7 | |a NUMEROS IRRACIONALES |2 CL-VaPUC |9 417408 | |
| 650 | 0 | |a Números complejos |9 270335 | |
| 583 | |a last modification |c 19981209 00:00:00 |k Rodrigo Vera | ||
| 999 | |c 277664 |d 277662 | ||
| 952 | |0 0 |1 0 |4 0 |6 512_700000000000000_LAN_1966 |7 0 |8 A |9 315727 |a BIBMAT |b BIBMAT |d 2019-11-20 |i 1301977 |o 512.7 LAN 1966 |p 1301977 |r 2025-01-07 |w 2019-11-20 |y BK |k MAT | ||
| 952 | |0 0 |1 0 |4 0 |6 512_700000000000000_LAN_1966 |7 0 |8 A |9 315728 |a BIBMAT |b BIBMAT |d 2019-11-20 |i 1301985 |o 512.7 LAN 1966 |p 1301985 |r 2025-01-07 |w 2019-11-20 |y BK |k MAT | ||
| 952 | |0 0 |1 0 |4 0 |6 512_700000000000000_LAN_1966 |7 0 |8 A |9 315729 |a BIBMAT |b BIBMAT |d 2019-11-20 |i 1301993 |o 512.7 LAN 1966 |p 1301993 |r 2025-01-07 |w 2019-11-20 |y BK |k MAT | ||
| 952 | |0 0 |1 0 |4 0 |6 512_700000000000000_LAN_1966 |7 0 |8 A |9 315730 |a BIBMAT |b BIBMAT |d 2019-11-20 |i 1317563 |o 512.7 LAN 1966 |p 1317563 |r 2025-01-07 |w 2019-11-20 |y BK |k MAT | ||